00785nam a2200205 i 450000100060000000300090000600500170001500700030003200800410003510000350007624500830011126000300019430000210022450000760024550200200032171000630034185200320040499900170043695201260045337907ES-MaACL20250717081027.0t|030224s1960 sp ||||1| spa d1 aCaicedo Varon, Gustavo.93345513aEl aborto de las endocrinopatias extragonadales / cpor Gustavo Caycedo Varon. aMadrid : b[s.n., c1960] a90 f. ; c31 cm. aPrecede al tít.: Universidad Central de Madrid. Facultad de Medicina. aTesis doctoral.2 aUniversidad Central (Madrid). bFacultad de Medicina97093 aES-MaACLjC-19424 bR.46386 c37907d37907 00104070aATENEOMbATENEOMcGaleríad2008-01-17eSCl0oC-19424p1039911r2023-02-23 00:00:00w2023-02-23yMONOGRAFIA